000 00662nam a2200205 i 4500
001 177169
003 ES-MaACL
005 20230906220253.0
008 110307s1966 sp |||| | spa d
080 _a821.134.2-312.2"19"
100 1 _aVicent, Manuel.
_9114323
245 1 3 _aEl resuello /
_cManuel Vicent.
260 _a[Madrid :
_bAlfaguara],
_c1966.
300 _a114 p. ;
_c17 cm.
490 1 _aLa novela popular contemporánea, inédita, española ;
_v45
830 1 _aLa novela popular contemporánea, inédita, española ;
_v45
_9188024
852 _aES-MaACL
_jE-14591
_xOlim P-213-Ter
852 _aES-MaACL
_jP-409-29
999 _c177169
_d177169